<?xml version="1.0" encoding="UTF-8"?>
<record
    xmlns:xsi="http://www.w3.org/2001/XMLSchema-instance"
    xsi:schemaLocation="http://www.loc.gov/MARC21/slim http://www.loc.gov/standards/marcxml/schema/MARC21slim.xsd"
    xmlns="http://www.loc.gov/MARC21/slim">

  <leader>01134nam a22002535a 4500</leader>
  <datafield tag="999" ind1=" " ind2=" ">
    <subfield code="c">27359</subfield>
    <subfield code="d">27330</subfield>
  </datafield>
  <controlfield tag="003">EG-ScBUE</controlfield>
  <controlfield tag="005">20190409112728.0</controlfield>
  <controlfield tag="008">190409s2018    ua     grb    000 0 ara d</controlfield>
  <datafield tag="017" ind1=" " ind2=" ">
    <subfield code="a">2003 / 8656</subfield>
  </datafield>
  <datafield tag="020" ind1=" " ind2=" ">
    <subfield code="a">9789771421255</subfield>
  </datafield>
  <datafield tag="020" ind1=" " ind2=" ">
    <subfield code="z">6221133302043</subfield>
  </datafield>
  <datafield tag="040" ind1=" " ind2=" ">
    <subfield code="a">EG-ScBUE</subfield>
    <subfield code="b">ara</subfield>
    <subfield code="c">EG-ScBUE</subfield>
    <subfield code="d">EG-ScBUE</subfield>
  </datafield>
  <datafield tag="082" ind1="0" ind2="4">
    <subfield code="a">297</subfield>
    <subfield code="b">&#x63A; &#x632; &#x627;</subfield>
    <subfield code="2">22</subfield>
  </datafield>
  <datafield tag="100" ind1="1" ind2=" ">
    <subfield code="a">&#x63A;&#x632;&#x627;&#x644;&#x64A;&#x60C; &#x645;&#x62D;&#x645;&#x62F;&#x60C;</subfield>
    <subfield code="d">1917-1996.</subfield>
  </datafield>
  <datafield tag="245" ind1="1" ind2="0">
    <subfield code="a">&#x643;&#x64A;&#x641; &#x646;&#x641;&#x647;&#x645; &#x627;&#x644;&#x625;&#x633;&#x644;&#x627;&#x645; &#x61F; /</subfield>
    <subfield code="c">&#x645;&#x62D;&#x645;&#x62F; &#x627;&#x644;&#x63A;&#x632;&#x627;&#x644;&#x64A;.</subfield>
  </datafield>
  <datafield tag="250" ind1=" " ind2=" ">
    <subfield code="a">&#x637;. 14&#x60C; &#x62C;&#x62F;&#x64A;&#x62F;&#x629; &#x645;&#x646;&#x642;&#x62D;&#x629; &#x648;&#x645;&#x631;&#x627;&#x62C;&#x639;&#x629;.</subfield>
  </datafield>
  <datafield tag="260" ind1=" " ind2=" ">
    <subfield code="a">&#x627;&#x644;&#x62C;&#x64A;&#x632;&#x629;&#x60C; &#x645;&#x635;&#x631; :</subfield>
    <subfield code="b">&#x62F;&#x627;&#x631; &#x646;&#x647;&#x636;&#x629; &#x645;&#x635;&#x631; &#x644;&#x644;&#x646;&#x634;&#x631;&#x60C;</subfield>
    <subfield code="c">2018.</subfield>
  </datafield>
  <datafield tag="300" ind1=" " ind2=" ">
    <subfield code="a">261 &#x635;. &#x61B;</subfield>
    <subfield code="c">22 &#x633;&#x645;.</subfield>
  </datafield>
  <datafield tag="520" ind1=" " ind2=" ">
    <subfield code="a">&#x647;&#x630;&#x627; &#x627;&#x644;&#x643;&#x62A;&#x627;&#x628;.. &#x644;&#x64A;&#x633; &#x627;&#x644;&#x625;&#x633;&#x644;&#x627;&#x645; &#x62F;&#x64A;&#x646;&#x627; &#x63A;&#x627;&#x645;&#x636;&#x627; &#x62D;&#x62A;&#x649; &#x64A;&#x62D;&#x62A;&#x627;&#x62C; &#x641;&#x64A; &#x641;&#x647;&#x645;&#x647; &#x648;&#x639;&#x631;&#x636;&#x647; &#x625;&#x644;&#x649; &#x625;&#x639;&#x645;&#x627;&#x644; &#x627;&#x644;&#x630;&#x647;&#x646; &#x648;&#x643;&#x62F; &#x627;&#x644;&#x641;&#x643;&#x631;. &#x625;&#x646; &#x622;&#x64A;&#x62A;&#x647; &#x627;&#x644;&#x623;&#x648;&#x644;&#x649; &#x647;&#x64A; &#x627;&#x644;&#x628;&#x633;&#x627;&#x637;&#x629; &#x623;&#x648; &#x645;&#x64A;&#x632;&#x62A;&#x647; &#x627;&#x644;&#x62A;&#x64A; &#x633;&#x627;&#x644; &#x628;&#x647;&#x627; &#x641;&#x649; &#x627;&#x644;&#x622;&#x641;&#x627;&#x642;... &#x647;&#x630;&#x647; &#x627;&#x644;&#x633;&#x647;&#x648;&#x644;&#x629; &#x627;&#x644;&#x628;&#x627;&#x62F;&#x64A;&#x629; &#x641;&#x64A; &#x639;&#x642;&#x627;&#x626;&#x62F; &#x648;&#x634;&#x639;&#x627;&#x626;&#x631;&#x647; &#x648;&#x633;&#x627;&#x626;&#x631; &#x62A;&#x639;&#x627;&#x644;&#x64A;&#x645;&#x647;.

</subfield>
  </datafield>
  <datafield tag="650" ind1=" " ind2="7">
    <subfield code="a">&#x627;&#x644;&#x625;&#x633;&#x644;&#x627;&#x645;.</subfield>
    <subfield code="2">BUEsh</subfield>
  </datafield>
  <datafield tag="651" ind1=" " ind2=" ">
    <subfield code="2">BUEsh</subfield>
  </datafield>
  <datafield tag="653" ind1=" " ind2=" ">
    <subfield code="b">GGEN</subfield>
    <subfield code="c">April2019</subfield>
  </datafield>
  <datafield tag="942" ind1=" " ind2=" ">
    <subfield code="2">ddc</subfield>
  </datafield>
  <datafield tag="952" ind1=" " ind2=" ">
    <subfield code="0">0</subfield>
    <subfield code="1">0</subfield>
    <subfield code="2">ddc</subfield>
    <subfield code="4">0</subfield>
    <subfield code="7">0</subfield>
    <subfield code="8">&#x631;&#x648;&#x632; &#x627;&#x644;&#x64A;&#x648;&#x633;&#x641;</subfield>
    <subfield code="a">MAIN</subfield>
    <subfield code="b">MAIN</subfield>
    <subfield code="c">LOW</subfield>
    <subfield code="d">2019-04-09</subfield>
    <subfield code="e">Purchase</subfield>
    <subfield code="g">30.00</subfield>
    <subfield code="h">0008422</subfield>
    <subfield code="o">297 &#x63A; &#x632; &#x627;</subfield>
    <subfield code="p">000044552</subfield>
    <subfield code="r">2026-03-09 00:00:00</subfield>
    <subfield code="s">2026-02-07</subfield>
    <subfield code="v">37.50</subfield>
    <subfield code="y">BB</subfield>
  </datafield>
</record>
